000 00236nam a22000977a 4500
999 _c3917
_d3917
008 161115b xxu||||| |||| 00| 0 eng d
020 _a9788188553730
100 _91226
_aChugh,R.K.
245 _aDigitech-VI
260 _aNew Delhi
_bG.Ram
_c2012